| 000 | 00832nam a2200265 i 4500 | ||
|---|---|---|---|
| 001 | 000032862 | ||
| 003 | DO-SdBNP | ||
| 005 | 20240229073831.0 | ||
| 007 | ta | ||
| 008 | 110801s1985 dr c 000 0 spa d | ||
| 040 |
_aDO-SdBNP _bspa _cBNPHU _erda |
||
| 082 |
_bH557p _222 |
||
| 100 | 1 |
_aHernández, Ángela, _d1954- _92564 |
|
| 245 | 1 | 0 |
_a¿Por que luchan las mujeres? / _cAngela Henández ; prólogo José Rafael Sosa. |
| 264 | 1 |
_aSanto Domingo : _bCIAC, _c1985. |
|
| 300 |
_a99 páginas _bretratos _c21 cm. |
||
| 336 |
_2rdacontent _atexto _btxt |
||
| 337 |
_2rdamedia _asin mediación _bn |
||
| 338 |
_2rdacarrier _avolumen _bnc |
||
| 590 | _aInventariado, 2024/ YL | ||
| 700 | 1 |
_aSosa, José Rafael _eprólogo |
|
| 710 |
_aCentro de Investigación y Apoyo Cultural (CIAC) _914019 |
||
| 910 | _aYLockward | ||
| 942 |
_2ddc _cLBS1 |
||
| 999 |
_c32353 _d32353 |
||